Comentarios al Código Civil y compilaciones forales (Registro nro. 160584)
[ vista simple ]
| 000 -LEADER | |
|---|---|
| fixed length control field | 01386ny a22003133n 4500 |
| 008 - FIXED-LENGTH DATA ELEMENTS--GENERAL INFORMATION | |
| fixed length control field | 970410s1988 sp s 000 0 spa c |
| 020 ## - INTERNATIONAL STANDARD BOOK NUMBER | |
| International Standard Book Number | 8471304333 |
| 035 ## - | |
| -- | 728 |
| 040 ## - CATALOGING SOURCE | |
| Original cataloging agency | UMA.CEE |
| Modifying agency | vLex |
| 040 ## - CATALOGING SOURCE | |
| Original cataloging agency | UMA.RE |
| Modifying agency | vLex |
| 080 ## - | |
| -- | 347(460) |
| 090 ## - | |
| -- | 2151 |
| -- | 2151 |
| 245 00 - TITLE STATEMENT | |
| Title | Comentarios al Código Civil y compilaciones forales |
| Medium | [Recurso electrónico] |
| Statement of responsibility, etc | dirigidos por Manuel Albaladejo |
| 256 ## - | |
| -- | Servicio en línea |
| 260 ## - PUBLICATION, DISTRIBUTION, ETC. (IMPRINT) | |
| Place of publication, distribution, etc | Madrid : |
| Name of publisher, distributor, etc | Revista de Derecho Privado : |
| -- | Editoriales de Derecho Reunidas, |
| Date of publication, distribution, etc | D.L. 1988 |
| 300 ## - PHYSICAL DESCRIPTION | |
| Extent | p. ; |
| Dimensions | 21 cm |
| 505 0# - FORMATTED CONTENTS NOTE | |
| Title | Tomo XXIX, Vol. 2º, Artículo 217 a 247 de la Compilación de Cataluña / |
| Statement of responsibility | Encarna Roca I Trias |
| 506 1# - RESTRICTIONS ON ACCESS NOTE | |
| Terms governing access | Contenido solo disponible en los productos indicados |
| Authorized users | vLex Global |
| -- | vLex Global (Academic Edition, excluding Law Schools) |
| -- | vLex Global (U.S. Academic Edition, Law Schools) |
| -- | vLex Global (U.S. Academic Edition, excluding Law Schools) |
| -- | vLex Global (Academic Edition, Law Schools) |
| 650 07 - SUBJECT ADDED ENTRY--TOPICAL TERM | |
| Source of heading or term | Tesauro vLex |
| Topical term or geographic name as entry element | Civil |
| 650 07 - SUBJECT ADDED ENTRY--TOPICAL TERM | |
| Source of heading or term | Tesauro vLex |
| Topical term or geographic name as entry element | Código civil |
| 650 07 - SUBJECT ADDED ENTRY--TOPICAL TERM | |
| Source of heading or term | Tesauro vLex |
| Topical term or geographic name as entry element | Derecho foral de Cataluña |
| 700 1# - ADDED ENTRY--PERSONAL NAME | |
| Personal name | Albaladejo García, Manuel, |
| Relator term | dir |
| 700 1# - ADDED ENTRY--PERSONAL NAME | |
| Personal name | Roca i Trias, Encarna, |
| Relator term | com |
| 700 1# - ADDED ENTRY--PERSONAL NAME | |
| Personal name | Roca-Sastre Muncunill, Luis |
| 740 0# - | |
| -- | vLex Libros (Servicios en línea) |
| 856 40 - LOCALIZACIÓN Y ACCESO ELECTRÓNICO | |
| Identificador Uniforme del Recurso (URI/URL) | https://app.vlex.com/#/sources/728 |
| 942 ## - | |
| -- | RAA |
| 999 ## - | |
| -- | 160584 |
| -- | 160584 |
No hay ítems disponibles.